000 00437nam a2200157Ia 4500
008 240729s9999 xx 000 0 und d
022 _a2217-7140
245 0 _aBiotechnology in Animal Husbandry
260 _aSerbia
260 _bInstitute for Animal Husbandry, Belgrade
650 _a Animal culture
650 _aAgriculture
856 _uhttps://doaj.org/toc/6c0fc6a3ef3e4e0e977cfbde8173ed5c
942 _2ddc
942 _cDOAJEJ
999 _c71297
_d71297
945 _a1
_bMadushi Gamage
_c1
_dMadushi Gamage